| 000 | 00377nam a22001457a 4500 | ||
|---|---|---|---|
| 003 | macl | ||
| 005 | 20180220122024.0 | ||
| 008 | 180220b xxu||||| |||| 00| 0 eng d | ||
| 040 | _cmacl | ||
| 100 |
_aMansingh, Ajai _970455 |
||
| 245 | _aFiraq Gorakhpuri: The Poet of Pain & Exstasy | ||
| 260 |
_aNew Delhi _bRoli Books _c2016 |
||
| 650 |
_aLiterature _970456 |
||
| 942 |
_2ddc _cBK |
||
| 999 |
_c57283 _d57283 |
||